Nepali lok sanskriti kehi sampada, kehi parampara (Record no. 71323)
[ view plain ]
| 000 -LEADER | |
|---|---|
| fixed length control field | 00516nam a22001937a 4500 |
| 008 - FIXED-LENGTH DATA ELEMENTS--GENERAL INFORMATION | |
| fixed length control field | 000000b xxu||||| |||| 00| 0 und d |
| 015 ## - NATIONAL BIBLIOGRAPHY NUMBER | |
| -- | NNB |
| 020 ## - INTERNATIONAL STANDARD BOOK NUMBER | |
| International Standard Book Number | 99933-2-331-4 |
| Terms of availability | Rs.122.00 |
| 041 ## - LANGUAGE CODE | |
| Language code of text/sound track or separate title | Nep |
| 082 ## - DEWEY DECIMAL CLASSIFICATION NUMBER | |
| Classification number | N306.09 |
| Item number | Sr349n |
| 100 ## - MAIN ENTRY--PERSONAL NAME | |
| Personal name | Shrestha, Tej Prakash |
| 245 ## - TITLE STATEMENT | |
| Title | Nepali lok sanskriti kehi sampada, kehi parampara |
| 260 ## - PUBLICATION, DISTRIBUTION, ETC. | |
| Place of publication, distribution, etc. | Lalitpur: |
| Name of publisher, distributor, etc. | Sajha Prakashan, |
| Date of publication, distribution, etc. | 2060 BS |
| 300 ## - PHYSICAL DESCRIPTION | |
| Extent | 182p. |
| 650 ## - SUBJECT ADDED ENTRY--TOPICAL TERM | |
| Topical term or geographic name entry element | Culture |
| 650 ## - SUBJECT ADDED ENTRY--TOPICAL TERM | |
| Topical term or geographic name entry element | Folk culture |
| 9 (RLIN) | 23853 |
| 650 ## - SUBJECT ADDED ENTRY--TOPICAL TERM | |
| Topical term or geographic name entry element | Sacred places |
| 942 ## - ADDED ENTRY ELEMENTS (KOHA) | |
| Koha item type | ISBN |
| Source of classification or shelving scheme | Dewey Decimal Classification |
| Withdrawn status | Lost status | Source of classification or shelving scheme | Damaged status | Not for loan | Home library | Current library | Date acquired | Total Checkouts | Full call number | Barcode | Date last seen | Price effective from | Koha item type |
|---|---|---|---|---|---|---|---|---|---|---|---|---|---|
| Dewey Decimal Classification | Tribhuvan University Central Library | Tribhuvan University Central Library | 04/16/2014 | N306.09 Sr349n | 134354 | 04/16/2014 | 04/16/2014 | Closed Section | |||||
| Tribhuvan University Central Library | Tribhuvan University Central Library | 04/16/2014 | N306.09 Sr349n | 134355 | 04/16/2014 | 04/16/2014 | General Collections | ||||||
| Dewey Decimal Classification | Tribhuvan University Central Library | Tribhuvan University Central Library | 01/08/2020 | N306.09 Sr349n | IS2619 | 01/08/2020 | 01/08/2020 | ISBN |
